[Event "IBM-B"]
[Site "Amsterdam"]
[Date "1979.??.??"]
[Round "9"]
[White "Van der Sterren, Paul"]
[Black "Hernandez Onna, Roman"]
[Result "1-0"]
[WhiteElo "2400"]
[BlackElo "2500"]
[PlyCount "87"]
[EventDate "1979.07.??"]
[EventType "tourn"]
[EventRounds "13"]
[EventCountry "NED"]
[EventCategory "8"]
[SourceTitle "MCD"]
[Source "ChessBase"]
[SourceDate "1999.07.01"]

1. e4 c5 2. Nf3 Nc6 3. d4 cxd4 4. Nxd4 g6 5. c4 Bg7 6. Be3 Nf6 7. Nc3 Ng4 8.
Qxg4 Nxd4 9. Qd1 Ne6 10. Qd2 b6 11. Rc1 Bb7 12. Bd3 O-O 13. h4 Nc5 14. Bb1 e5
15. Rd1 Qe7 16. h5 Rad8 17. f3 d6 18. Nd5 Bxd5 19. cxd5 a5 20. g4 Bf6 21. g5
Bg7 22. Qh2 f6 23. hxg6 hxg6 24. Qh7+ Kf7 25. Rh6 Ke8 26. Qxg6+ Qf7 27. Qxf7+
Kxf7 28. g6+ Kg8 29. Rh7 Rc8 30. Rd2 Rc7 31. Bc2 Rfc8 32. Bd1 Nd7 33. Rhh2 Nf8
34. Rc2 Nd7 35. Kd2 Nc5 36. Rc3 f5 37. Bxc5 Rxc5 38. Rxc5 Rxc5 39. exf5 Rxd5+
40. Ke1 Rd4 41. Bb3+ d5 42. Rc2 Bf6 43. Rc8+ Kg7 44. Rc7+ 1-0

[Event "IBM-B"]
[Site "Amsterdam"]
[Date "1979.??.??"]
[Round "12"]
[White "Spassov, Liuben"]
[Black "Hernandez Onna, Roman"]
[Result "1/2-1/2"]
[WhiteElo "2470"]
[BlackElo "2500"]
[PlyCount "22"]
[EventDate "1979.07.??"]
[EventType "tourn"]
[EventRounds "13"]
[EventCountry "NED"]
[EventCategory "8"]
[SourceTitle "MCD"]
[Source "ChessBase"]
[SourceDate "1999.07.01"]

1. Nf3 Nf6 2. d4 d5 3. c4 c6 4. cxd5 cxd5 5. Nc3 Nc6 6. Bf4 e6 7. e3 Bd6 8.
Bxd6 Qxd6 9. Bd3 O-O 10. O-O Bd7 11. Rc1 Rfc8 1/2-1/2

[Event "IBM-B"]
[Site "Amsterdam"]
[Date "1979.??.??"]
[Round "13"]
[White "Hernandez Onna, Roman"]
[Black "Van Riemsdijk, Herman C"]
[Result "1/2-1/2"]
[WhiteElo "2500"]
[BlackElo "2435"]
[PlyCount "22"]
[EventDate "1979.07.??"]
[EventType "tourn"]
[EventRounds "13"]
[EventCountry "NED"]
[EventCategory "8"]
[SourceTitle "MCD"]
[Source "ChessBase"]
[SourceDate "1999.07.01"]

1. d4 Nf6 2. c4 e6 3. Nf3 b6 4. g3 Bb7 5. Bg2 Be7 6. O-O O-O 7. Nc3 Ne4 8. Nxe4
Bxe4 9. Be3 Bf6 10. Ne1 Bxg2 11. Nxg2 d6 1/2-1/2

[Event "Bayamo"]
[Site "Bayamo"]
[Date "1980.??.??"]
[Round "?"]
[White "Hernandez Onna, Roman"]
[Black "Armas, Jorge"]
[Result "1/2-1/2"]
[WhiteElo "2460"]
[BlackElo "2415"]
[PlyCount "82"]
[EventDate "1980.??.??"]
[EventType "tourn"]
[EventRounds "12"]
[EventCountry "CUB"]
[SourceTitle "EXT 1999"]
[Source "ChessBase"]
[SourceDate "1998.11.16"]

1. c4 e5 2. Nc3 Nf6 3. Nf3 Nc6 4. g3 Bb4 5. Bg2 O-O 6. O-O e4 7. Ne1 Bxc3 8.
dxc3 h6 9. Nc2 a5 10. Ne3 d6 11. Qc2 Re8 12. Bd2 Qe7 13. f3 Qe5 14. fxe4 Nxe4
15. Nd5 Nxd2 16. Qxd2 Ne7 17. Qd4 Nxd5 18. Bxd5 Be6 19. Bxb7 Rab8 20. Bc6 Red8
21. Qxe5 dxe5 22. b3 Rd6 23. Be4 Rd2 24. Kf2 Rbd8 25. Ke3 Bg4 26. Rf2 Rb2 27.
Bd5 Rd7 28. Raf1 Bh5 29. g4 Bg6 30. h4 h5 31. Rg1 Rxa2 32. gxh5 Bxh5 33. Rg5 g6
34. Rxe5 Rc2 35. c5 Rxc3+ 36. Ke4 Rxc5 37. Bc4 Rxe5+ 38. Kxe5 Kg7 39. e4 Re7+
40. Kf4 f6 41. Ra2 Re5 1/2-1/2

[Event "Bayamo"]
[Site "Bayamo"]
[Date "1980.??.??"]
[Round "?"]
[White "Zapata, Alonso"]
[Black "Hernandez Onna, Roman"]
[Result "1-0"]
[WhiteElo "2410"]
[BlackElo "2460"]
[PlyCount "51"]
[EventDate "1980.??.??"]
[EventType "tourn"]
[EventRounds "12"]
[EventCountry "CUB"]
[SourceTitle "EXT 1999"]
[Source "ChessBase"]
[SourceDate "1998.11.16"]

1. e4 c5 2. Nf3 d6 3. d4 cxd4 4. Nxd4 Nf6 5. Nc3 g6 6. Be2 Bg7 7. Nb3 Nc6 8.
O-O O-O 9. Bg5 Bd7 10. Kh1 a5 11. a4 Nb4 12. f4 Bc6 13. Bf3 Qb6 14. Nd5 Nbxd5
15. exd5 Bd7 16. Re1 Rfe8 17. Qd2 Kf8 18. Re2 Ng8 19. Ra2 Rec8 20. Bh4 Rc4 21.
Re4 Qc7 22. Rxc4 Qxc4 23. Be2 Qb4 24. Be1 Rc8 25. Bd3 Bf5 26. Qe3 1-0

[Event "Havana"]
[Site "Havana"]
[Date "1980.??.??"]
[Round "?"]
[White "Abreu, Jorge D"]
[Black "Hernandez Onna, Roman"]
[Result "1-0"]
[WhiteElo "2340"]
[BlackElo "2460"]
[PlyCount "131"]
[EventDate "1980.??.??"]
[EventType "tourn"]
[EventRounds "11"]
[EventCountry "CUB"]
[EventCategory "8"]
[SourceTitle "EXT 2004"]
[Source "ChessBase"]
[SourceDate "2003.11.25"]

1. c4 c5 2. Nc3 Nc6 3. g3 g6 4. Bg2 Bg7 5. Nf3 Nf6 6. O-O O-O 7. d4 cxd4 8.
Nxd4 Nxd4 9. Qxd4 d6 10. Qd2 Be6 11. Bxb7 Rb8 12. Bg2 Bxc4 13. b3 Be6 14. Bb2
Qa5 15. Rfd1 Rfc8 16. Ne4 Qxd2 17. Rxd2 Nxe4 18. Bxe4 Bxb2 19. Rxb2 h5 20. f3
a5 21. Rab1 Kg7 22. Kf2 h4 23. Rc2 hxg3+ 24. hxg3 Kf6 25. Rbc1 Rh8 26. Ke3 Rh3
27. Rg1 Rb4 28. Bc6 g5 29. Kf2 Ke5 30. g4 Rh2+ 31. Ke3 d5 32. Rc5 Rh3 33. Rxa5
Kd6 34. Ra6 Bxg4 35. Be8+ Ke5 36. Bxf7 e6 37. Bg6 Kf6 38. Bd3 Bh5 39. Kd2 g4
40. fxg4 Bxg4 41. Rf1+ Ke5 42. Rf2 Rd4 43. Kc2 Rdxd3 44. exd3 Bf5 45. Re2+ Kd4
46. Ra4+ Kc5 47. Rd2 e5 48. b4+ Kd4 49. Ra3 Bd7 50. Ra5 Bf5 51. a4 Rh8 52. Rc5
Rb8 53. Kb3 Rd8 54. Rc3 Ke3 55. Rg2 Be6 56. Rc6 Bf5 57. Rg5 Bxd3 58. Rxe5+ Kd4
59. Rh5 Bc4+ 60. Ka3 Rg8 61. Rh4+ Kc3 62. Rh3+ Kd4 63. b5 Rg1 64. Kb4 Rb1+ 65.
Ka5 Ra1 66. b6 1-0

[Event "Havana"]
[Site "Havana"]
[Date "1980.??.??"]
[Round "?"]
[White "Hernandez Onna, Roman"]
[Black "Zapata, Alonso"]
[Result "1/2-1/2"]
[WhiteElo "2460"]
[BlackElo "2400"]
[PlyCount "89"]
[EventDate "1980.??.??"]
[EventType "tourn"]
[EventRounds "11"]
[EventCountry "CUB"]
[EventCategory "8"]
[SourceTitle "EXT 2004"]
[Source "ChessBase"]
[SourceDate "2003.11.25"]

1. d4 Nf6 2. c4 g6 3. Nc3 Bg7 4. e4 d6 5. Nf3 O-O 6. Be2 e5 7. O-O Nbd7 8. Be3
a5 9. Qc2 Ng4 10. Bg5 f6 11. Bd2 f5 12. Bg5 Bf6 13. Bxf6 Ndxf6 14. dxe5 Nxe5
15. Nxe5 dxe5 16. Rad1 Qe7 17. Nd5 Nxd5 18. cxd5 fxe4 19. Rc1 Rf7 20. Qxe4 Qd6
21. Rc3 Bf5 22. Qe3 Kg7 23. Rfc1 Raf8 24. Rc5 b6 25. R5c3 Bc8 26. Rc6 Qxd5 27.
Rxc7 Bb7 28. Bf3 e4 29. Be2 Qd6 30. Qc3+ Qf6 31. Qxf6+ Kxf6 32. Kf1 Ke5 33.
Rxf7 Rxf7 34. Bb5 Kd6 35. Ke2 Rf5 36. Rd1+ Kc5 37. Bd7 Rd5 38. Rc1+ Kd6 39. Ba4
Rg5 40. g3 Rf5 41. Rd1+ Kc5 42. Rc1+ Kd5 43. Rd1+ Kc5 44. Rc1+ Kd5 45. Rd1+
1/2-1/2

[Event "Las Palmas"]
[Site "Las Palmas"]
[Date "1980.??.??"]
[Round "?"]
[White "Fernandez Garcia, Jose Luis"]
[Black "Hernandez Onna, Roman"]
[Result "1-0"]
[WhiteElo "2390"]
[BlackElo "2460"]
[PlyCount "82"]
[EventDate "1980.??.??"]
[EventType "tourn"]
[EventRounds "11"]
[EventCountry "ESP"]
[EventCategory "9"]
[SourceTitle "EXT 2000"]
[Source "ChessBase"]
[SourceDate "1999.11.16"]

1. e4 c5 2. Nf3 Nc6 3. b4 cxb4 4. d4 e6 5. a3 d5 6. e5 bxa3 7. c3 Bd7 8. Nxa3
a6 9. Bd3 b5 10. O-O Nge7 11. Bxb5 Ng6 12. Bd3 Be7 13. Qe2 O-O 14. Bd2 Na5 15.
Rfb1 Qc8 16. h4 Re8 17. h5 Nf8 18. h6 g6 19. c4 Nxc4 20. Nxc4 dxc4 21. Bxc4 Bc6
22. Bb4 a5 23. Bxe7 Rxe7 24. Ng5 Qd8 25. Qe3 a4 26. Qf4 Nd7 27. Bb5 Bxb5 28.
Rxb5 a3 29. Rb3 a2 30. Rb2 Qc7 31. Rbxa2 Rxa2 32. Rxa2 f5 33. Ra8+ Nf8 34. Ne4
Qb7 35. Nf6+ Kf7 36. Rd8 Qb1+ 37. Kh2 Ra7 38. Qg5 Ra1 39. Nd5 Qh1+ 40. Kg3 Ra3+
41. Ne3 Kg8 1-0

[Event "Las Palmas"]
[Site "Las Palmas"]
[Date "1980.??.??"]
[Round "?"]
[White "Hernandez Onna, Roman"]
[Black "Miles, Anthony J"]
[Result "1/2-1/2"]
[WhiteElo "2460"]
[BlackElo "2220"]
[PlyCount "50"]
[EventDate "1980.??.??"]
[EventType "tourn"]
[EventRounds "11"]
[EventCountry "ESP"]
[EventCategory "9"]
[SourceTitle "EXT 2000"]
[Source "ChessBase"]
[SourceDate "1999.11.16"]

1. e4 c5 2. Nc3 Nc6 3. g3 Rb8 4. Nf3 g6 5. Bg2 Bg7 6. O-O b5 7. d3 d6 8. Nh4 b4
9. Nd5 e6 10. Ne3 Nge7 11. a3 a5 12. axb4 axb4 13. f4 f5 14. g4 O-O 15. exf5
exf5 16. gxf5 gxf5 17. Qh5 Bd7 18. Nd5 Qe8 19. Qxe8 Rbxe8 20. Ra6 Nb8 21. Nxe7+
Rxe7 22. Rxd6 Re2 23. c3 bxc3 24. bxc3 Bxc3 25. Ba3 Bd4+ 1/2-1/2

[Event "Las Palmas"]
[Site "Las Palmas"]
[Date "1980.??.??"]
[Round "?"]
[White "Petrosian, Tigran V"]
[Black "Hernandez Onna, Roman"]
[Result "1-0"]
[WhiteElo "2615"]
[BlackElo "2460"]
[PlyCount "71"]
[EventDate "1980.??.??"]
[EventType "tourn"]
[EventRounds "11"]
[EventCountry "ESP"]
[EventCategory "9"]
[SourceTitle "EXT 2000"]
[Source "ChessBase"]
[SourceDate "1999.11.16"]

1. d4 e6 2. c4 Nf6 3. Nc3 Bb4 4. e3 O-O 5. Bd3 c5 6. d5 b5 7. dxe6 fxe6 8. cxb5
Bb7 9. Nf3 Qc7 10. Bd2 e5 11. e4 d5 12. exd5 e4 13. Bc4 Qd6 14. Ng5 Nbd7 15.
O-O Nb6 16. Bb3 Qe5 17. Ne6 c4 18. Bc2 Rf7 19. Re1 Bxc3 20. Bxc3 Qxd5 21. Qxd5
Nbxd5 22. Ng5 Re7 23. Nxe4 Nxe4 24. Bxe4 Rae8 25. Bxd5+ Bxd5 26. Rxe7 Rxe7 27.
f3 Rb7 28. Rd1 Be6 29. Rd6 Bf5 30. a4 Rb6 31. Rd4 Be6 32. Rd8+ Kf7 33. Bd4 Rb7
34. Ra8 c3 35. bxc3 Bb3 36. a5 1-0

[Event "Malta ol (Men)"]
[Site "La Valetta"]
[Date "1980.11.22"]
[Round "3"]
[White "Ardiansyah, Haji"]
[Black "Hernandez Onna, Roman"]
[Result "1-0"]
[WhiteElo "2330"]
[BlackElo "2465"]
[PlyCount "75"]
[EventDate "1980.11.20"]
[EventType "team-swiss"]
[EventRounds "14"]
[EventCountry "MLT"]
[SourceTitle "EXT 2000"]
[Source "ChessBase"]
[SourceDate "1999.11.16"]
[WhiteTeam "Indonesia"]
[BlackTeam "Cuba"]
[WhiteTeamCountry "INA"]
[BlackTeamCountry "CUB"]

1. e4 c5 2. Nf3 Nc6 3. d4 cxd4 4. Nxd4 g6 5. Nxc6 bxc6 6. Qd4 Nf6 7. e5 Nd5 8.
e6 f6 9. exd7+ Qxd7 10. Be2 e5 11. Qh4 Bg7 12. O-O O-O 13. Rd1 Qf7 14. Qa4 Be6
15. Na3 Rac8 16. c4 Nb6 17. Qa6 f5 18. c5 Nd5 19. Qa4 Qe7 20. Ba6 Rc7 21. Qa5
Rd7 22. Nc4 Nc7 23. Bg5 Qxg5 24. Rxd7 Nxa6 25. Rxg7+ Kxg7 26. Qxa6 f4 27. h4
Qxh4 28. Nxe5 Bd5 29. Qxa7+ Kg8 30. f3 Qg5 31. Re1 Re8 32. a4 h5 33. a5 h4 34.
Qd7 Re7 35. Qd8+ Kg7 36. Re2 h3 37. Ng4 Be6 38. Re5 1-0

[Event "Malta ol (Men)"]
[Site "La Valetta"]
[Date "1980.11.23"]
[Round "4"]
[White "Hernandez Onna, Roman"]
[Black "De Firmian, Nick E"]
[Result "1-0"]
[WhiteElo "2465"]
[BlackElo "2430"]
[PlyCount "93"]
[EventDate "1980.11.20"]
[EventType "team-swiss"]
[EventRounds "14"]
[EventCountry "MLT"]
[SourceTitle "EXT 2000"]
[Source "ChessBase"]
[SourceDate "1999.11.16"]
[WhiteTeam "Cuba"]
[BlackTeam "US of America"]
[WhiteTeamCountry "CUB"]
[BlackTeamCountry "USA"]

1. c4 e6 2. Nc3 c5 3. Nf3 Nf6 4. e3 b6 5. d4 cxd4 6. exd4 Bb4 7. Bd3 O-O 8. O-O
Bb7 9. Bg5 Bxc3 10. bxc3 d6 11. Re1 Nbd7 12. Nd2 Qc7 13. Re3 d5 14. cxd5 Nxd5
15. Rg3 f5 16. Rc1 Nf4 17. Bb5 Nf6 18. Bxf4 Qxf4 19. Qe2 Kh8 20. Qe3 Qd6 21.
Qg5 Qc7 22. Re1 Be4 23. Bd3 f4 24. Rh3 Bxd3 25. Rxd3 Rae8 26. Qe5 Qb7 27. Nf3
Qa6 28. Qe2 Qb5 29. Ne5 Nd7 30. Ng6+ Kg8 31. Nxf8 Nxf8 32. Rf3 Qg5 33. Qe5 Qxe5
34. Rxe5 Ng6 35. Re4 e5 36. g3 Rd8 37. gxf4 exf4 38. Kf1 Rd5 39. Rd3 Kf7 40.
Ke2 b5 41. Rh3 h6 42. Rd3 Rf5 43. d5 Ne5 44. Rdd4 f3+ 45. Ke1 Rg5 46. d6 Nc4
47. Kf1 1-0

[Event "Malta ol (Men)"]
[Site "La Valetta"]
[Date "1980.11.25"]
[Round "5"]
[White "Roos, Louis"]
[Black "Hernandez Onna, Roman"]
[Result "1/2-1/2"]
[WhiteElo "2255"]
[BlackElo "2465"]
[PlyCount "63"]
[EventDate "1980.11.20"]
[EventType "team-swiss"]
[EventRounds "14"]
[EventCountry "MLT"]
[SourceTitle "EXT 2000"]
[Source "ChessBase"]
[SourceDate "1999.11.16"]
[WhiteTeam "France"]
[BlackTeam "Cuba"]
[WhiteTeamCountry "FRA"]
[BlackTeamCountry "CUB"]

1. e4 c5 2. Nc3 Nc6 3. g3 g6 4. Bg2 Bg7 5. d3 d6 6. f4 Nf6 7. Nf3 O-O 8. O-O
Rb8 9. h3 b5 10. a3 a5 11. Be3 b4 12. axb4 axb4 13. Ne2 Bb7 14. b3 Ra8 15. Rc1
Ra2 16. g4 Qc7 17. Qe1 Nd7 18. Qh4 Nd4 19. Nexd4 cxd4 20. Bd2 Re8 21. f5 Ne5
22. Ng5 h6 23. Nxf7 Kxf7 24. fxg6+ Ke6 25. Bxh6 Rg8 26. Bf4 Kd7 27. Bxe5 Bxe5
28. Rf7 Qd8 29. Qg5 Ra5 30. Qh6 Rh8 31. Qd2 Rg8 32. Qh6 1/2-1/2

[Event "Bayamo"]
[Site "Bayamo"]
[Date "1981.??.??"]
[Round "1"]
[White "Rodriguez Cespedes, Amador"]
[Black "Hernandez Onna, Roman"]
[Result "1/2-1/2"]
[WhiteElo "2450"]
[BlackElo "2390"]
[PlyCount "33"]
[EventDate "1981.??.??"]
[EventType "tourn"]
[EventRounds "15"]
[EventCountry "CUB"]
[EventCategory "7"]
[SourceTitle "EXT 2003"]
[Source "ChessBase"]
[SourceDate "2002.11.25"]

1. e4 c5 2. Nf3 Nc6 3. d4 cxd4 4. Nxd4 g6 5. c4 Bg7 6. Be3 Nf6 7. Nc3 Ng4 8.
Qxg4 Nxd4 9. Qd1 Ne6 10. Rc1 O-O 11. b4 d6 12. Bd3 Nd4 13. O-O e5 14. Nd5 Be6
15. Bb1 Rc8 16. Qd2 Qd7 17. f4 1/2-1/2

[Event "Bayamo"]
[Site "Bayamo"]
[Date "1981.??.??"]
[Round "2"]
[White "Sisniega, Marcel"]
[Black "Hernandez Onna, Roman"]
[Result "1/2-1/2"]
[WhiteElo "2450"]
[BlackElo "2390"]
[PlyCount "90"]
[EventDate "1981.??.??"]
[EventType "tourn"]
[EventRounds "15"]
[EventCountry "CUB"]
[EventCategory "7"]
[SourceTitle "EXT 2003"]
[Source "ChessBase"]
[SourceDate "2002.11.25"]

1. c4 Nf6 2. g3 c6 3. Bg2 d5 4. Nf3 Bf5 5. O-O e6 6. b3 Be7 7. d3 O-O 8. Bb2 h6
9. Nc3 Nbd7 10. a3 Bh7 11. Rc1 a5 12. Re1 Nc5 13. d4 Nce4 14. Ne5 Nd7 15. Bxe4
dxe4 16. Nxd7 Qxd7 17. e3 Rad8 18. Re2 e5 19. d5 Bf5 20. Rd2 Bg4 21. Qf1 Bf3
22. d6 Bg5 23. Na4 Qf5 24. Bc3 Ra8 25. Nb6 Ra6 26. c5 Bd8 27. Nc4 Re8 28. d7
Re7 29. Nd6 Qe6 30. Nxb7 Ra8 31. Rcd1 Bg4 32. Qc4 Qxc4 33. bxc4 Bxd1 34. Rxd1
a4 35. Rd2 f6 36. Rd6 Kf8 37. Ba5 Bxa5 38. Nxa5 Rxd7 39. Rxd7 Rxa5 40. Rb7 Rxc5
41. Rb4 Ra5 42. Rb6 Rc5 43. Rb4 Ra5 44. Rb6 Rc5 45. Rb4 Ra5 1/2-1/2

[Event "Bayamo"]
[Site "Bayamo"]
[Date "1981.??.??"]
[Round "4"]
[White "Schussler, Harry"]
[Black "Hernandez Onna, Roman"]
[Result "1/2-1/2"]
[WhiteElo "2455"]
[BlackElo "2390"]
[PlyCount "30"]
[EventDate "1981.??.??"]
[EventType "tourn"]
[EventRounds "15"]
[EventCountry "CUB"]
[EventCategory "7"]
[SourceTitle "EXT 2003"]
[Source "ChessBase"]
[SourceDate "2002.11.25"]

1. d4 Nf6 2. Nf3 e6 3. c4 Bb4+ 4. Bd2 Qe7 5. g3 O-O 6. Bg2 Bxd2+ 7. Qxd2 d6 8.
Nc3 e5 9. O-O Re8 10. e4 Bg4 11. d5 a5 12. Ne1 Na6 13. Nd3 Bd7 14. b3 c6 15. a3
Rec8 1/2-1/2

[Event "Bayamo"]
[Site "Bayamo"]
[Date "1981.??.??"]
[Round "6"]
[White "Ochoa de Echaguen, Francisco Javier"]
[Black "Hernandez Onna, Roman"]
[Result "0-1"]
[WhiteElo "2410"]
[BlackElo "2390"]
[PlyCount "134"]
[EventDate "1981.??.??"]
[EventType "tourn"]
[EventRounds "15"]
[EventCountry "CUB"]
[EventCategory "7"]
[SourceTitle "EXT 2003"]
[Source "ChessBase"]
[SourceDate "2002.11.25"]

1. e4 c5 2. Nf3 Nc6 3. Bb5 g6 4. O-O Bg7 5. c3 Nf6 6. Re1 a6 7. Bxc6 dxc6 8. d4
cxd4 9. cxd4 O-O 10. Nc3 Bg4 11. Be3 e5 12. dxe5 Nd7 13. Bf4 Re8 14. Rc1 Bxf3
15. Qxf3 Nxe5 16. Bxe5 Bxe5 17. Qe2 Qf6 18. Rc2 Re7 19. Qf3 Qxf3 20. gxf3 Rd8
21. Nd1 Red7 22. Ne3 Bc7 23. h3 Rd2 24. Re2 Rxc2 25. Rxc2 Bb6 26. Kf1 Bxe3 27.
fxe3 Rd1+ 28. Kf2 Kf8 29. f4 Ke7 30. Kf3 Ke6 31. Rh2 Ra1 32. a3 Rd1 33. h4 h5
34. Ke2 Rg1 35. Kf3 a5 36. Rd2 Ke7 37. Rc2 Rf1+ 38. Kg3 Rd1 39. Kf3 Kd6 40. Rg2
Rf1+ 41. Kg3 Rd1 42. Kf3 a4 43. Rc2 c5 44. e5+ Kd5 45. Ke2 Rh1 46. Rd2+ Ke4 47.
Rd7 Rh2+ 48. Kd1 Rxb2 49. Rxf7 Rb3 50. e6 Rxe3 51. Rxb7 Kxf4 52. Rf7+ Kg4 53.
Rf6 g5 54. Kd2 Re5 55. hxg5 Kxg5 56. Rf8 Rxe6 57. Rg8+ Kf4 58. Rf8+ Kg4 59.
Rg8+ Kh3 60. Rg5 h4 61. Kd3 Rb6 62. Rxc5 Rb3+ 63. Ke2 Rxa3 64. Kf2 Ra2+ 65. Kg1
Ra1+ 66. Kf2 a3 67. Rc4 a2 0-1

[Event "Bayamo"]
[Site "Bayamo"]
[Date "1981.??.??"]
[Round "7"]
[White "Hernandez Onna, Roman"]
[Black "Armas, Jorge"]
[Result "1-0"]
[WhiteElo "2390"]
[BlackElo "2365"]
[PlyCount "69"]
[EventDate "1981.??.??"]
[EventType "tourn"]
[EventRounds "15"]
[EventCountry "CUB"]
[EventCategory "7"]
[SourceTitle "EXT 2003"]
[Source "ChessBase"]
[SourceDate "2002.11.25"]

1. d4 d5 2. c4 dxc4 3. Nf3 Nf6 4. e3 Bg4 5. Bxc4 e6 6. h3 Bh5 7. O-O Nbd7 8.
Nc3 Bd6 9. Be2 O-O 10. Qb3 Rb8 11. Rd1 Qe7 12. Nb5 e5 13. Nxd6 cxd6 14. dxe5
dxe5 15. Bd2 Nc5 16. Qa3 b6 17. Bc3 e4 18. Nd4 Bxe2 19. Nxe2 Rb7 20. Ng3 a5 21.
b4 Nd3 22. Bxf6 gxf6 23. Qc3 axb4 24. Qc6 Rc7 25. Qxe4 Qxe4 26. Nxe4 Nb2 27.
Rd4 Rc2 28. Rxb4 f5 29. Nf6+ Kh8 30. Rxb6 Rd8 31. Nh5 h6 32. Rxh6+ Kg8 33. Rf6
Nd1 34. Rxf5 Rdd2 35. Nf6+ 1-0

[Event "Bayamo"]
[Site "Bayamo"]
[Date "1981.??.??"]
[Round "8"]
[White "Garcia Palermo, Carlos H"]
[Black "Hernandez Onna, Roman"]
[Result "1/2-1/2"]
[WhiteElo "2425"]
[BlackElo "2390"]
[PlyCount "28"]
[EventDate "1981.??.??"]
[EventType "tourn"]
[EventRounds "15"]
[EventCountry "CUB"]
[EventCategory "7"]
[SourceTitle "EXT 2003"]
[Source "ChessBase"]
[SourceDate "2002.11.25"]

1. Nf3 c5 2. g3 Nc6 3. Bg2 g6 4. O-O Bg7 5. e4 Nf6 6. d4 cxd4 7. Nxd4 Nxd4 8.
Qxd4 d6 9. Bd2 O-O 10. Bc3 Be6 11. Re1 Qd7 12. h4 Rfc8 13. h5 Rc4 14. Qd2 Rac8
1/2-1/2

[Event "Bayamo"]
[Site "Bayamo"]
[Date "1981.??.??"]
[Round "9"]
[White "Hernandez Onna, Roman"]
[Black "Maya Cortez, Hermes"]
[Result "1/2-1/2"]
[WhiteElo "2390"]
[BlackElo "2370"]
[PlyCount "48"]
[EventDate "1981.??.??"]
[EventType "tourn"]
[EventRounds "15"]
[EventCountry "CUB"]
[EventCategory "7"]
[SourceTitle "EXT 2003"]
[Source "ChessBase"]
[SourceDate "2002.11.25"]

1. d4 Nf6 2. c4 g6 3. Nc3 d5 4. Bg5 Ne4 5. Bh4 Nxc3 6. bxc3 Bg7 7. e3 c5 8.
cxd5 Qxd5 9. Qf3 Qxf3 10. Nxf3 cxd4 11. cxd4 Nc6 12. Bb5 Bd7 13. Rb1 a6 14. Be2
b5 15. O-O e6 16. Nd2 O-O 17. Nb3 Rfc8 18. a4 bxa4 19. Nc5 Be8 20. Bxa6 Rc7 21.
Bb7 Rb8 22. Bg3 e5 23. Bxc6 Rxb1 24. Rxb1 Rxc6 1/2-1/2

[Event "Bayamo"]
[Site "Bayamo"]
[Date "1981.??.??"]
[Round "10"]
[White "Garcia, Gildardo"]
[Black "Hernandez Onna, Roman"]
[Result "1/2-1/2"]
[WhiteElo "2440"]
[BlackElo "2390"]
[PlyCount "34"]
[EventDate "1981.??.??"]
[EventType "tourn"]
[EventRounds "15"]
[EventCountry "CUB"]
[EventCategory "7"]
[SourceTitle "EXT 2003"]
[Source "ChessBase"]
[SourceDate "2002.11.25"]

1. e4 c5 2. Nf3 Nc6 3. d4 cxd4 4. Nxd4 g6 5. Nc3 Bg7 6. Be3 Nf6 7. Bc4 O-O 8.
Bb3 d6 9. h3 Bd7 10. O-O a6 11. f4 b5 12. a3 Nxd4 13. Bxd4 Bc6 14. Re1 Rc8 15.
Qd3 Re8 16. Rad1 Nd7 17. Kh1 Nc5 1/2-1/2

[Event "Bayamo"]
[Site "Bayamo"]
[Date "1981.??.??"]
[Round "12"]
[White "Hernandez Onna, Roman"]
[Black "Zapata, Alonso"]
[Result "1/2-1/2"]
[WhiteElo "2390"]
[BlackElo "2420"]
[PlyCount "21"]
[EventDate "1981.??.??"]
[EventType "tourn"]
[EventRounds "15"]
[EventCountry "CUB"]
[EventCategory "7"]
[SourceTitle "EXT 2003"]
[Source "ChessBase"]
[SourceDate "2002.11.25"]

1. d4 e6 2. c4 Nf6 3. Nf3 b6 4. g3 Bb7 5. Bg2 c5 6. O-O cxd4 7. Qxd4 d6 8. Nc3
Be7 9. Ng5 Bxg2 10. Kxg2 O-O 11. Nce4 1/2-1/2

[Event "Bayamo"]
[Site "Bayamo"]
[Date "1981.??.??"]
[Round "13"]
[White "Vilela de Acuna, Jose Luis"]
[Black "Hernandez Onna, Roman"]
[Result "1/2-1/2"]
[WhiteElo "2430"]
[BlackElo "2390"]
[PlyCount "44"]
[EventDate "1981.??.??"]
[EventType "tourn"]
[EventRounds "15"]
[EventCountry "CUB"]
[EventCategory "7"]
[SourceTitle "EXT 2003"]
[Source "ChessBase"]
[SourceDate "2002.11.25"]

1. d4 e6 2. e4 d5 3. Nd2 c5 4. Ngf3 Nc6 5. exd5 exd5 6. Bb5 cxd4 7. O-O Bd7 8.
Re1+ Be7 9. Nb3 Nf6 10. Nbxd4 O-O 11. Be3 Re8 12. c3 h6 13. Bd3 Bf8 14. Rc1 Rc8
15. Rc2 Ne4 16. Nxc6 bxc6 17. c4 Qa5 18. cxd5 cxd5 19. Rxc8 Bxc8 20. Qb1 Bg4
21. Nd4 Bd7 22. Rc1 Nd2 1/2-1/2

[Event "Bayamo"]
[Site "Bayamo"]
[Date "1981.??.??"]
[Round "14"]
[White "Diaz, Joaquin Carlos"]
[Black "Hernandez Onna, Roman"]
[Result "1/2-1/2"]
[WhiteElo "2395"]
[BlackElo "2390"]
[PlyCount "44"]
[EventDate "1981.??.??"]
[EventType "tourn"]
[EventRounds "15"]
[EventCountry "CUB"]
[EventCategory "7"]
[SourceTitle "EXT 2003"]
[Source "ChessBase"]
[SourceDate "2002.11.25"]

1. e4 c5 2. Nf3 Nc6 3. d4 cxd4 4. Nxd4 e6 5. Nc3 d6 6. Be2 Nf6 7. O-O a6 8. Kh1
Be7 9. Be3 O-O 10. f4 Bd7 11. Qe1 b5 12. a3 Nxd4 13. Bxd4 Bc6 14. Qg3 Qb8 15.
Bf3 Qb7 16. Rae1 Rad8 17. Nd1 Ne8 18. c3 Bf6 19. e5 Be7 20. Ne3 Bxf3 21. Rxf3
f5 22. exf6 Bxf6 1/2-1/2

[Event "Bayamo"]
[Site "Bayamo"]
[Date "1981.??.??"]
[Round "15"]
[White "Hernandez Onna, Roman"]
[Black "Nogueiras Santiago, Jesus"]
[Result "1/2-1/2"]
[WhiteElo "2390"]
[BlackElo "2455"]
[PlyCount "118"]
[EventDate "1981.??.??"]
[EventType "tourn"]
[EventRounds "15"]
[EventCountry "CUB"]
[EventCategory "7"]
[SourceTitle "EXT 2003"]
[Source "ChessBase"]
[SourceDate "2002.11.25"]

1. c4 e6 2. d4 d5 3. Nf3 Nf6 4. Nc3 c6 5. cxd5 exd5 6. Bg5 Bf5 7. e3 Be7 8. Bd3
Bxd3 9. Qxd3 Nbd7 10. O-O O-O 11. Rab1 a5 12. Qc2 Ne8 13. Bxe7 Qxe7 14. Na4 f5
15. Rfe1 Nc7 16. a3 Rf6 17. Nc3 Ne8 18. Re2 Nd6 19. Ne1 Rh6 20. g3 Re6 21. Nd3
g5 22. Rbe1 g4 23. Nf4 Rh6 24. Kg2 Nf6 25. Rh1 Qf7 26. h3 gxh3+ 27. Rxh3 Rxh3
28. Nxh3 Nh5 29. Re1 Kh8 30. Qe2 Rg8 31. Rh1 Ne4 32. Qf3 Nd2 33. Qe2 Nc4 34. a4
Qg6 35. Nd1 Qe8 36. b3 Nd6 37. Nc3 Rg4 38. Qf3 Qe6 39. Nf4 Nxf4+ 40. exf4 Rg7
41. Qe3 Qxe3 42. fxe3 Rg8 43. Rh6 Rg6 44. Rxg6 hxg6 45. Kf3 Kg7 46. g4 fxg4+
47. Kxg4 Kf6 48. Na2 b6 49. b4 Nc4 50. bxa5 bxa5 51. Kf3 Kf5 52. Nc1 Nb6 53.
Nb3 Nxa4 54. Nxa5 c5 55. dxc5 Nxc5 56. Nc6 g5 57. fxg5 Kxg5 58. Ne7 Kf6 59.
Nxd5+ Ke5 1/2-1/2